Prasanga : (Record no. 6074)

MARC details
000 -LEADER
fixed length control field 00631cam a2200217ua 4500
001 - CONTROL NUMBER
control field 6936
005 - DATE AND TIME OF LATEST TRANSACTION
control field 20260515114130.0
008 - FIXED-LENGTH DATA ELEMENTS--GENERAL INFORMATION
fixed length control field 140724n ii |||gr||||Z||||||asm
020 ## - INTERNATIONAL STANDARD BOOK NUMBER
International Standard Book Number 8173391777
040 ## - CATALOGING SOURCE
Transcribing agency MAIN
082 ## - DEWEY DECIMAL CLASSIFICATION NUMBER
Classification number 891.451
100 ## - MAIN ENTRY--PERSONAL NAME
Personal name Buzarbaruah, Pallavi Deka,
Relator term Editor.,
245 ## - TITLE STATEMENT
Title Prasanga :
Remainder of title asamiya sahitya aru sanskriti /
Statement of responsibility, etc. ed by Pallavi Deka Buzarbaruah .
250 ## - EDITION STATEMENT
Edition statement 1st ed.
260 ## - PUBLICATION, DISTRIBUTION, ETC.
Place of publication, distribution, etc. Dibrugarh:
Name of publisher, distributor, etc. Banalata,
Date of publication, distribution, etc. 2011.
300 ## - PHYSICAL DESCRIPTION
Extent 228p.
653 ## - INDEX TERM--UNCONTROLLED
Uncontrolled term East Indo-European & Celtic literatures
653 ## - INDEX TERM--UNCONTROLLED
Uncontrolled term Asamiya sahitya aru sanskriti
700 ## - ADDED ENTRY--PERSONAL NAME
Personal name Hazarika, Jyotirekha,
Relator term Editor.
942 ## - ADDED ENTRY ELEMENTS (KOHA)
Koha item type Books
Holdings
Withdrawn status Lost status Damaged status Not for loan Home library Current library Shelving location Date acquired Total checkouts Full call number Barcode Date last seen Date last checked out Copy number Price effective from Koha item type
        Naharkatiya College Library Naharkatiya College Library General stacks 09/19/2020 6 891.451 | PRA 20605 04/04/2026 03/28/2026 2 09/19/2020 Books
        Naharkatiya College Library Naharkatiya College Library General stacks 09/19/2020 7 891.451 | PRA 20606 12/07/2022 11/28/2022 1 09/19/2020 Books